000 01351cab a2200349 4500
001 ABS57236
008 090401t1997 xxu||||| |||| 00| 0 eng d
035 _a(Sirsi) u79615
041 _aeng
100 _aPickavance, K.
245 4 _aThe proof of excusable delay in building contracts without `as-built` records
260 _c1997
350 _a0
490 _aConstruction Law Journal
_v13(4) 1997, 243-252(10)
520 _aReviews the issues involved when considering a contractor`s proof of excusable delay in completion of the construction works, when `as-built` records are not available. Uses the recent case "John Barker Construction Ltd v London Portman Hotel Ltd" ([1996] 12 Const.L.J. 277) as an example. Includes criteria for maintaining `as-built` records.
650 _aACCELERATION
650 _aAS-BUILT RECORDS
650 _aBUILT ENVIRONMENT-BUILDING CONTRACT FORMS
650 _aCOMPLETION
650 _aCONSTRUCTION PROGRAMMES
650 _aCONTRACT PROGRAMMES
650 _aCRITICAL PATH ANALYSIS
650 _aDELAY
650 _aDELAYS
650 _aEXCUSABLE DELAY
650 _aEXTENSION OF TIME
650 _aJOHN BARKER CONSTRUCTION LTD V LONDON PORTMAN HOTEL LTD
650 _aLOSS AND EXPENSE
690 _aBUILT ENVIRONMENT-BUILDING CONTRACT FORMS
942 _n0
948 _c15/07/1997
999 _c50064
_d50064